| 000 | 00773nam a2200229 a 4500 | ||
|---|---|---|---|
| 999 |
_c12289 _d12289 |
||
| 001 | 12289 | ||
| 003 | BD-JhCC | ||
| 005 | 20220817134023.0 | ||
| 008 | 210923b2020 bg |||| ||a| 000 0 Ben d | ||
| 020 | _a9789849406655 | ||
| 035 | _a(BD-JhCC)12289 | ||
| 040 |
_aBD-JhCC _dBD-JhCC |
||
| 041 | _abengali | ||
| 082 |
_a297.72 _bFAR 2020 |
||
| 100 | _aফারহান,সাদিক | ||
| 245 |
_aইসলামের ইতিহাসে যুদ্ধ: _bনবী যুক থেকে বর্তমান / _cসাদিক ফারহান। |
||
| 260 |
_aঢাকা: _bমাকতাবাতুল আসলাফ; _c২০২০. |
||
| 300 |
_a568 p. : _c22 cm. |
||
| 650 | _aWar-- Religious aspects --Islam | ||
| 942 |
_2ddc _cBK _07 |
||